000 00398nam a22001697a 4500
003 MPLRDC
005 20220104143451.0
008 210129b ||||| |||| 00| 0 eng d
082 _a880 GEJ-3 c.2
100 _a高尔基
245 _a老板
_c千羽译
250 _a初版
260 _a
_b国际文化服务社
_c1954
300 _b
650 _a俄国文学
942 _cBK
_o880 GEJ-3 c.2
999 _c40185
_d40175